| 000 | 00900cam a2200265 a 4500 | ||
|---|---|---|---|
| 001 | 000018082 | ||
| 005 | 20200929165339.0 | ||
| 008 | 810806s1966 sp 000 f spa d | ||
| 035 | _a(DLC) 41018570 | ||
| 040 |
_aDO-SdBNP _cCarP _dDLC _dBNGR |
||
| 041 | 1 | 7 |
_aspa _heng _2Código de idioma MARC |
| 082 |
_a813.52 _bB922b, 1966 |
||
| 100 | 1 |
_aBuck, Pearl S, _d1892-1973. _939187 |
|
| 240 | 1 | 0 |
_aThe good earth _lSpanish |
| 245 | 1 | 3 |
_aLa buena tierra : _bnovela / _cPearl Sydenstricker Buck ; traducción de Elisabeth Mulder. |
| 250 | _a7a ed. | ||
| 260 |
_aBarcelona : _bJuventud, _c1966. |
||
| 300 |
_a271p. ; _c20 cm. |
||
| 534 |
_aTítulo original inglés: _tThe good earth |
||
| 650 | 4 |
_aNovela estadounidense _9262 |
|
| 650 | 4 |
_aLiteratura estadounidense _ySIGLO XX _96874 |
|
| 700 | 1 |
_aMulder de Dauner, Elisabeth, _d1904-1987 _etr. _939188 |
|
| 910 | _aCatalogación derivada | ||
| 049 | _aBNGR | ||
| 999 |
_c17604 _d17604 |
||